| 000 | 00392cam a2200157ua 4500 | ||
|---|---|---|---|
| 041 |
_aeng _h |
||
| 082 |
_a631.37 _bAMI/HE |
||
| 100 | _aAmitosh, De . | ||
| 245 |
_aHeavy earth moving machinery / _cAmitosh DE. _hTextual Documents |
||
| 250 |
_a1 / _b. |
||
| 260 |
_aNewdelhi : _bPapyrus publishing house , _c1989. |
||
| 300 | _a190 ; . | ||
| 504 | _a | ||
| 942 | _cBK | ||
| 999 |
_c8774 _d8774 |
||